MARC details
| 000 -LEADER |
| fixed length control field |
03746nam a2200481 i 4500 |
| 001 - CONTROL NUMBER |
| control field |
xb21063618 |
| 006 - FIXED-LENGTH DATA ELEMENTS--ADDITIONAL MATERIAL CHARACTERISTICS |
| fixed length control field |
m d |
| 007 - PHYSICAL DESCRIPTION FIXED FIELD--GENERAL INFORMATION |
| fixed length control field |
cr n |
| 008 - FIXED-LENGTH DATA ELEMENTS--GENERAL INFORMATION |
| fixed length control field |
141121t20132013enka sb 001 0 eng d |
| 020 ## - INTERNATIONAL STANDARD BOOK NUMBER |
| International Standard Book Number |
9781909254022 |
| Qualifying information |
(pdf) |
| 020 ## - INTERNATIONAL STANDARD BOOK NUMBER |
| International Standard Book Number |
9781909254039 |
| Qualifying information |
(epub) |
| 020 ## - INTERNATIONAL STANDARD BOOK NUMBER |
| International Standard Book Number |
9781909254046 |
| Qualifying information |
(mobi) |
| 020 ## - INTERNATIONAL STANDARD BOOK NUMBER |
| Canceled/invalid ISBN |
9781909254008 (Paperback) |
| 020 ## - INTERNATIONAL STANDARD BOOK NUMBER |
| Canceled/invalid ISBN |
9781909254015 (Hardback) |
| 035 ## - SYSTEM CONTROL NUMBER |
| System control number |
(OCoLC)878145077 |
| 040 ## - CATALOGING SOURCE |
| Original cataloging agency |
StSaUL |
| Language of cataloging |
eng |
| Description conventions |
rda |
| 041 1# - LANGUAGE CODE |
| Language code of text/sound track or separate title |
eng |
| Language code of original |
ita |
| 100 1# - MAIN ENTRY--PERSONAL NAME |
| Personal name |
Roncaglia, Sara, |
| Relator term |
author. |
| 240 10 - UNIFORM TITLE |
| Uniform title |
Nutrire la città. |
| Language of a work |
English |
| 245 10 - TITLE STATEMENT |
| Title |
Feeding the city |
| Medium |
[electronic resource] : |
| Remainder of title |
work and food culture of the Mumbai Dabbawalas / |
| Statement of responsibility, etc. |
Sara Roncaglia ; translated from the Italian by Angela Arnone. |
| 264 #1 - PRODUCTION, PUBLICATION, DISTRIBUTION, MANUFACTURE, AND COPYRIGHT NOTICE |
| Name of producer, publisher, distributor, manufacturer |
Open Book Publishers, |
| 300 ## - PHYSICAL DESCRIPTION |
| Extent |
1 online resource (234 pages) : |
| Other physical details |
illustrations. |
| 500 ## - GENERAL NOTE |
| General note |
Available through Open Book Publishers. |
| 500 ## - GENERAL NOTE |
| -- |
Print version: |
| General note |
Originally published in Italian as: Nutrire la città : i dabbawala di Mumbai nella diversità delle culture alimentari urbane. Milan, Italy : B. Mondadori, 2010. |
| 504 ## - BIBLIOGRAPHY, ETC. NOTE |
| Bibliography, etc. note |
Includes bibliography (pages 205-208) and index. |
| 505 0# - FORMATTED CONTENTS NOTE |
| Formatted contents note |
Acknowledgements -- Preface -- Introduction -- 1. Bombay-Mumbai and the Dabbawalas: Origin and Development of a Parallel Economy -- 2. Dabbawala Ethics in Transition 3. Nutan Mumbai Tiffin Box Suppliers Charity Trust: The Shaping of Dabbawala Relations -- Conclusions: Tastes and Cultures -- Appendix: Theory and Practice for an Ethnography of Diversities -- Glossary -- Select Bibliography -- Index. |
| 506 ## - RESTRICTIONS ON ACCESS NOTE |
| Terms governing access |
Open access resource providing free access. |
| 520 ## - SUMMARY, ETC. |
| Summary, etc. |
"Every day in Mumbai 5,000 dabbawalas (literally translated as "those who carry boxes") distribute a staggering 200,000 home-cooked lunchboxes to the city's workers and students. Giving employment and status to thousands of largely illiterate villagers from Mumbai's hinterland, this co-operative has been in operation since the late nineteenth century. It provides one of the most efficient delivery networks in the world: only one lunch in six million goes astray. Feeding the City is an ethnographic study of the fascinating inner workings of Mumbai's dabbawalas. Cultural anthropologist Sara Roncaglia explains how they cater to the various dietary requirements of a diverse and increasingly global city, where the preparation and consumption of food is pervaded with religious and cultural significance. Developing the idea of "gastrosemantics" - a language with which to discuss the broader implications of cooking and eating - Roncaglia's study helps us to rethink our relationship to food at a local and global level. The publication of this book is financed by the generous support of interested readers and organisations, who made donations using the crowd-funding website Unglue.it."--Publisher's website. |
| 538 ## - SYSTEM DETAILS NOTE |
| System details note |
Mode of access: World Wide Web. |
| 540 ## - TERMS GOVERNING USE AND REPRODUCTION NOTE |
| Terms governing use and reproduction |
This book is licensed under a Creative Commons Attribution-NoDerivs 3.0 Unported Licence. For more detailed information consult the publisher's website. |
| 610 20 - SUBJECT ADDED ENTRY--CORPORATE NAME |
| Corporate name or jurisdiction name as entry element |
Nutan Mumbay Tiffin box suppliers trust. |
| 650 #0 - SUBJECT ADDED ENTRY--TOPICAL TERM |
| Topical term or geographic name entry element |
Food |
| General subdivision |
Social aspects |
| Geographic subdivision |
India |
| -- |
Mumbai. |
| 650 #0 - SUBJECT ADDED ENTRY--TOPICAL TERM |
| Topical term or geographic name entry element |
Nutritional anthropology |
| Geographic subdivision |
India |
| -- |
Mumbai. |
| 651 #0 - SUBJECT ADDED ENTRY--GEOGRAPHIC NAME |
| Geographic name |
Mumbai (India) |
| General subdivision |
Social conditions. |
| 700 1# - ADDED ENTRY--PERSONAL NAME |
| Personal name |
Arnone, Angela, |
| Relator term |
translator. |
| 710 2# - ADDED ENTRY--CORPORATE NAME |
| Corporate name or jurisdiction name as entry element |
Open Book Publishers, |
| Relator term |
publisher. |
| 856 40 - ELECTRONIC LOCATION AND ACCESS |
| Uniform Resource Identifier |
<a href="http://doi.org/10.11647/OBP.0031">http://doi.org/10.11647/OBP.0031</a> |
| Public note |
Connect to e-book |
| 856 42 - ELECTRONIC LOCATION AND ACCESS |
| Uniform Resource Identifier |
<a href="http://www.openbookpublishers.com/shopimages/products/cover/87 ">http://www.openbookpublishers.com/shopimages/products/cover/87 </a> |
| Public note |
Connect to cover image |